Personnages de Buffy - Statistiques

Statistiques générales
  • Ce quiz a été pris 273 fois
  • Le résultat moyen est 13 sur 16
Statistiques - réponses
Par images Réponse % Correct
Angel
100%
Buffy Summers
100%
Spike (William the Bloody)
98%
Willow Rosenberg
97%
Alexander Harris
96%
Cordelia Chase
92%
Rupert Giles
92%
Drusilla
90%
Tara Maclay
89%
Anya Jenkins
87%
Faith Lehane
87%
Joyce Summers
84%
Adam
64%
Le maire (Richard Wilkins)
63%
Principal Snyder
50%
Maggie Walsch
48%
Aucun quiz correspondant
Distribution des résultats
% des personnes avec chaque résultat
Percentile par nombre de réponses
Votre historique - résultats
Vous n’avez pas pris ce quiz